000 00426nam a22001817a 4500
003 MPLRDC
005 20220104123715.0
008 210129b ||||| |||| 00| 0 eng d
082 _a428 XJZ
100 _a上海文化出版社编
245 _a优生优育
_c
250 _a一版一刷
260 _a
_b上海文化出版社
_c1986
300 _b
490 _a新家政丛书
650 _a
942 _cBK
_o428 XJZ
999 _c13556
_d13546